|
|
|
|
| LEADER |
01729cas a2200241 a 4500 |
| 001 |
AALejournalIMF005669 |
| 008 |
230101c9999 xx r poo 0 0eng d |
| 020 |
|
|
|c 5.00 USD
|
| 020 |
|
|
|z 9781451871951
|
| 022 |
|
|
|a 1018-5941
|
| 040 |
|
|
|a BD-DhAAL
|c BD-DhAAL
|
| 100 |
1 |
|
|a Schindler, Martin.
|
| 245 |
1 |
4 |
|a The Italian Labor Market :
|b Recent Trends, Institutions, and Reform Options /
|c Martin Schindler.
|
| 264 |
|
1 |
|a Washington, D.C. :
|b International Monetary Fund,
|c 2009.
|
| 300 |
|
|
|a 1 online resource (24 pages)
|
| 490 |
1 |
|
|a IMF Working Papers
|
| 500 |
|
|
|a <strong>Off-Campus Access:</strong> No User ID or Password Required
|
| 500 |
|
|
|a <strong>On-Campus Access:</strong> No User ID or Password Required
|
| 506 |
|
|
|a Electronic access restricted to authorized BRAC University faculty, staff and students
|
| 520 |
3 |
|
|a Despite improvements in labor market performance over the past decade, owing in part to past reforms, Italy's employment and productivity outcomes continue to lag behind those of its European peers. This paper reviews Italy's institutional landscape and labor market trends from a cross-country perspective, and discusses possible avenues for further reform. The policy discussion draws on international reform experience and on simulations based on a calibrated labor market matching model. A key lesson is that the details of reform design, and the sequencing of reforms, matter greatly for labor market outcomes and for the fiscal costs associated with these reforms.
|
| 538 |
|
|
|a Mode of access: Internet
|
| 830 |
|
0 |
|a IMF Working Papers; Working Paper ;
|v No. 2009/047
|
| 856 |
4 |
0 |
|z Full text available on IMF
|u http://elibrary.imf.org/view/journals/001/2009/047/001.2009.issue-047-en.xml
|z IMF e-Library
|